000 00361nam a22001337a 4500
003 OSt
005 20201016134306.0
008 201012b 1999 sp a 00| 0 eng d
040 _aDO-SdBNP
_bspa
_cBNPHU
245 0 0 _aLa empresa vasca en los mercados exteriores.
260 _aBilbao, EspaƱa :
_bConfebask,
_c1999.
300 _a62 p.
_bil.
_c21 cm.
942 _2ddc
_cLF1
999 _c48858
_d48858